Evaluating connecting Al-mukha new wind farm to Yemen power system / (رقم التسجيلة. 53926)
[ عرض عادي ]
| 000 -LEADER | |
|---|---|
| fixed length control field | 01977cam a2200337 a 4500 |
| 003 - CONTROL NUMBER IDENTIFIER | |
| control field | EG-GiCUC |
| 005 - DATE AND TIME OF LATEST TRANSACTION | |
| control field | 20250223031353.0 |
| 008 - FIXED-LENGTH DATA ELEMENTS--GENERAL INFORMATION | |
| fixed length control field | 151214s2015 ua de f m 000 0 eng d |
| 040 ## - CATALOGING SOURCE | |
| Original cataloging agency | EG-GiCUC |
| Language of cataloging | eng |
| Transcribing agency | EG-GiCUC |
| 041 0# - LANGUAGE CODE | |
| Language code of text/sound track or separate title | eng |
| 049 ## - LOCAL HOLDINGS (OCLC) | |
| Holding library | Deposite |
| 097 ## - Thesis Degree | |
| Thesis Level | M.Sc |
| 099 ## - LOCAL FREE-TEXT CALL NUMBER (OCLC) | |
| Classification number | Cai01.13.07.M.Sc.2015.Ma.E |
| 100 0# - MAIN ENTRY--PERSONAL NAME | |
| Personal name | Majid Manea Manea Albarashi |
| 245 10 - TITLE STATEMENT | |
| Title | Evaluating connecting Al-mukha new wind farm to Yemen power system / |
| Statement of responsibility, etc. | Majid Manea Manea Al-Barashi , Supervised Essam Eldin Aboelzahab , Doaa Khalil Ibrahim |
| 246 15 - VARYING FORM OF TITLE | |
| Title proper/short title | تقييم ربط مزرعة المخا الرياحية الجديدة مع الشبكة الكهربائية اليمنية |
| 260 ## - PUBLICATION, DISTRIBUTION, ETC. | |
| Place of publication, distribution, etc. | Cairo : |
| Name of publisher, distributor, etc. | Majid Manea Manea Albarashi , |
| Date of publication, distribution, etc. | 2015 |
| 300 ## - PHYSICAL DESCRIPTION | |
| Extent | 102 P. , (2) Folded leaves of plates : |
| Other physical details | charts , plans ; |
| Dimensions | 30cm |
| 502 ## - DISSERTATION NOTE | |
| Dissertation note | Thesis (M.Sc.) - Cairo University - Faculty of Engineering - Department of Electrical Power and Machines |
| 520 ## - SUMMARY, ETC. | |
| Summary, etc. | This thesis presents modeling and impact analysis of Al-Mukha wind farm (MWF) on Yemen power system. Two simulation studies are carried out; the first is impact on thermal limits, voltage variations, and system stability, with an MWF aggregated model. The other is analyzing low-voltage ride through, harmonics and flicker impact using the detailed MWF layout. The results show that lines loading and voltage variations are slightly reduced and the system stability will not be affected. Although MWF rides-through the grid fault, it contributes harmonics higher than the limits while flicker levels are far below any limits |
| 530 ## - ADDITIONAL PHYSICAL FORM AVAILABLE NOTE | |
| Additional physical form available note | Issued also as CD |
| 653 #4 - INDEX TERM--UNCONTROLLED | |
| Uncontrolled term | DIgSILENT Power Factory |
| 653 #4 - INDEX TERM--UNCONTROLLED | |
| Uncontrolled term | Doubly fed induction generator |
| 653 #4 - INDEX TERM--UNCONTROLLED | |
| Uncontrolled term | Grid-connected wind farm |
| 700 0# - ADDED ENTRY--PERSONAL NAME | |
| Personal name | Doaa Khalil Ibrahim , |
| Relator term | |
| 700 0# - ADDED ENTRY--PERSONAL NAME | |
| Personal name | Essam Eldin Aboulzahab , |
| Relator term | |
| 856 ## - ELECTRONIC LOCATION AND ACCESS | |
| Uniform Resource Identifier | <a href="http://172.23.153.220/th.pdf">http://172.23.153.220/th.pdf</a> |
| 905 ## - LOCAL DATA ELEMENT E, LDE (RLIN) | |
| Cataloger | Enas |
| Reviser | Cataloger |
| 905 ## - LOCAL DATA ELEMENT E, LDE (RLIN) | |
| Cataloger | Nazla |
| Reviser | Revisor |
| 942 ## - ADDED ENTRY ELEMENTS (KOHA) | |
| Source of classification or shelving scheme | Dewey Decimal Classification |
| Koha item type | Thesis |
| Source of classification or shelving scheme | Not for loan | Home library | Current library | Date acquired | Full call number | Barcode | Date last seen | Koha item type | Copy number |
|---|---|---|---|---|---|---|---|---|---|
| Dewey Decimal Classification | المكتبة المركزبة الجديدة - جامعة القاهرة | قاعة الرسائل الجامعية - الدور الاول | 11.02.2024 | Cai01.13.07.M.Sc.2015.Ma.E | 01010110067174000 | 22.09.2023 | Thesis | ||
| Dewey Decimal Classification | المكتبة المركزبة الجديدة - جامعة القاهرة | مخـــزن الرســائل الجـــامعية - البدروم | 11.02.2024 | Cai01.13.07.M.Sc.2015.Ma.E | 01020110067174000 | 22.09.2023 | CD - Rom | 67174.CD |